| 000 | 00790nam a2200241 a 4500 | ||
|---|---|---|---|
| 999 |
_c1730 _d1730 |
||
| 001 | 20041 | ||
| 003 | BD-DhUAP | ||
| 005 | 20200212165111.0 | ||
| 008 | 200204s2017 bg bg b b 001 0 eng d | ||
| 020 | _a9780102967203 | ||
| 040 |
_aBD-DhUAP _cBD-DhUAP _bEng _dBD-DhUAP |
||
| 082 | 0 | 0 |
_223 _a342.5492 CHO |
| 100 | _aChowdhury, M. Jashim Ali. | ||
| 245 | 1 | 0 |
_aAn introduction to constitutional law of Bangladesh : _bupdated up to the 16th amendment / _cM. Jashim Ali Chowdhury. |
| 250 | _a3rd ed. | ||
| 260 |
_aDhaka : _bBook zone publications, _cc2017. |
||
| 300 |
_a678 pages ; _c22 cm. |
||
| 504 | _aIncludes bibliographical references. | ||
| 650 | 0 |
_aConstitutional law _zBangladesh. _96989 |
|
| 942 |
_2ddc _cBK _04 |
||